Music Quiz

Random Music or Album Quiz

John Mellencamp Albums Quiz Stats

 Plays Quiz Updated Apr 3, 2020

     
Support Sporcle.
Go Orange.
Score 0/24 Timer 06:00
0 Plays Today
Year Album % Correct
1985Scarecrow
72.8%
1979John Cougar
63%
1983Uh-Huh
53.1%
1982American Fool
51.9%
1998John Mellencamp
43.5%
1987The Lonesome Jubilee
41.8%
1994Dance Naked
33.3%
1989Big Daddy
32.7%
1993Human Wheels
31.8%
1980Nothin' Matters and What If It Did
31.4%
1991Whenever We Wanted
28.9%
1996Mr. Happy Go Lucky
26.2%
Year Album % Correct
2014Plain Spoken
25.7%
2017Sad Clowns & Hillbillies
22.5%
2001Cuttin' Heads
21%
1976Chestnut Street Incident
20%
2018Other People's Stuff
17.6%
1999Rough Harvest
16.7%
1983The Kid Inside
16.4%
2007Freedom's Road
16.2%
2003Trouble No More
14.5%
1978A Biography
14.4%
2008Life, Death, Love and Freedom
13.6%
2010No Better Than This
8.3%

From the Vault

Famous Historical 'R' First Names

by Aprilli

History 5m
Despite it being their favorite letter, pirates do not make an appearance in this quiz.
Remove Ads.
Support Sporcle.
Get the best of Sporcle when you Go Orange. This ad-free experience offers more features, more stats, and more fun while also helping to support Sporcle. Thank you for becoming a member.

Show Comments

Extras

Top Quizzes Today


Score Distribution

Your Account Isn't Verified!

In order to create a playlist on Sporcle, you need to verify the email address you used during registration. Go to your Sporcle Settings to finish the process.

Report this User

Report this user for behavior that violates our Community Guidelines.

Details: